LIBRARY ONLINE CATALOGUE

Jurisprudence and legal theory. (Record no. 11623)

MARC details
000 -LEADER
fixed length control field 00648cam a22002172 4500
001 - CONTROL NUMBER
control field 0000025138
005 - DATE AND TIME OF LATEST TRANSACTION
control field 20151217154515.0
008 - FIXED-LENGTH DATA ELEMENTS--GENERAL INFORMATION
fixed length control field 150120s xx 000 0 eng d
020 ## - INTERNATIONAL STANDARD BOOK NUMBER
International Standard Book Number 9350287170 :
040 ## - CATALOGING SOURCE
Original cataloging agency KABU
Transcribing agency KABU
100 1# - MAIN ENTRY--PERSONAL NAME
Personal name SUbbarao, G.C. Venkata.
-- 0000185564
245 10 - TITLE STATEMENT
Title Jurisprudence and legal theory.
250 ## - EDITION STATEMENT
Edition statement 9th ed.
260 ## - PUBLICATION, DISTRIBUTION, ETC. (IMPRINT)
Place of publication, distribution, etc. Lucknow :
Name of publisher, distributor, etc. Eastern Book Company,
Date of publication, distribution, etc. 1975.
300 ## - PHYSICAL DESCRIPTION
Extent xi, 271 p.
650 #0 - SUBJECT ADDED ENTRY--TOPICAL TERM
Topical term or geographic name as entry element Jurisprudence.
-- 0000153282
852 1# - LOCATION
-- p1650 KES
852 1# - LOCATION
-- p1650 KES
908 ## - PUT COMMAND PARAMETER (RLIN)
Put command parameter 150120
950 ## - LOCAL HOLDINGS (RLIN)
-- 1
Holdings
Withdrawn status Lost status Source of classification or shelving scheme Not for loan Home library Current library Date acquired Total Checkouts Full call number Barcode Date last seen Price effective from Koha item type Date last checked out Total Renewals
    Library of Congress Classification   Kabarak, Main Campus Kabarak, Main Campus 17/12/2015   K230 .S83 1975 c. 1 016847 17/12/2015 17/12/2015 General Collection    
    Library of Congress Classification   Kabarak, Main Campus Kabarak, Main Campus 17/12/2015 11 K230 .S83 1975 c. 3 017681 31/05/2021 17/12/2015 General Collection 30/05/2021  
    Library of Congress Classification   Kabarak, Main Campus Kabarak, Main Campus 17/12/2015 11 K230 .S83 1975 c. 2 017682 17/10/2022 17/12/2015 General Collection 29/09/2022 1
    Library of Congress Classification   Kabarak, Main Campus Kabarak, Main Campus 17/12/2015 17 K230 .S83 1975 c. 5 017679 07/11/2025 17/12/2015 General Collection 15/09/2025 1
    Library of Congress Classification   Kabarak, Main Campus Kabarak, Main Campus 17/12/2015 5 K230 .S83 1975 c. 4 017680 15/11/2024 17/12/2015 General Collection 08/11/2024